<?xml version="1.0" encoding="UTF-8"?><?xml-stylesheet type="text/xsl" href="static/style.xsl"?><OAI-PMH xmlns="http://www.openarchives.org/OAI/2.0/" xmlns:xsi="http://www.w3.org/2001/XMLSchema-instance" xsi:schemaLocation="http://www.openarchives.org/OAI/2.0/ http://www.openarchives.org/OAI/2.0/OAI-PMH.xsd"><responseDate>2026-04-17T13:53:32Z</responseDate><request verb="GetRecord" identifier="oai:riubu.ubu.es:10259/5197" metadataPrefix="marc">https://riubu.ubu.es/oai/request</request><GetRecord><record><header><identifier>oai:riubu.ubu.es:10259/5197</identifier><datestamp>2021-11-10T09:53:34Z</datestamp><setSpec>com_10259_5195</setSpec><setSpec>com_10259_4437</setSpec><setSpec>com_10259.4_106</setSpec><setSpec>com_10259_2604</setSpec><setSpec>col_10259_5196</setSpec></header><metadata><record xmlns="http://www.loc.gov/MARC21/slim" xmlns:doc="http://www.lyncode.com/xoai" xmlns:xsi="http://www.w3.org/2001/XMLSchema-instance" xmlns:dcterms="http://purl.org/dc/terms/" xsi:schemaLocation="http://www.loc.gov/MARC21/slim http://www.loc.gov/standards/marcxml/schema/MARC21slim.xsd">
<leader>00925njm 22002777a 4500</leader>
<datafield tag="042" ind1=" " ind2=" ">
<subfield code="a">dc</subfield>
</datafield>
<datafield tag="720" ind1=" " ind2=" ">
<subfield code="a">López Ortiz, Agustín Carlos</subfield>
<subfield code="e">author</subfield>
</datafield>
<datafield tag="260" ind1=" " ind2=" ">
<subfield code="c">2018-09</subfield>
</datafield>
<datafield tag="520" ind1=" " ind2=" ">
<subfield code="a">Este estudio tiene como objetivo transmitir a la comunidad científica la trayectoria dramatúrgica del autor canario Orlando Hernández Martín, sus aportaciones al género dramático y la repercusión de su obra en la sociedad de la época. Para ello, se han extraído del archivo personal del dramaturgo para su análisis tanto las piezas representadas en los escenarios como las publicadas y las inéditas. Paralelamente ha sido necesario acudir a la prensa de la época (segunda mitad del siglo XX) para poder fijar con precisión las fechas de los estrenos y la acogida que tuvo cada pieza por parte de la crítica y del público asistente.</subfield>
</datafield>
<datafield tag="520" ind1=" " ind2=" ">
<subfield code="a">This  paper  is  intended  to  approach  the  career  of  the  Canarian  playwright,  Orlando Hernández Martin, to the scientific community. It also pretends to emphasize his contribution to the dramatic genre and the influence of his work in the society of his time. Thus, pieces of work which have been performed as well as published and unpublished works have been taken from the personal file of the author for their analysis. It has also been necessary to check the press of that  time  (second  half  of  20th  century)  in  order  to  introduce  dates  when  the  works  were premiered and the acceptance by both the critics and the audience.</subfield>
</datafield>
<datafield tag="024" ind2=" " ind1="8">
<subfield code="a">1989-7383</subfield>
</datafield>
<datafield tag="024" ind2=" " ind1="8">
<subfield code="a">http://hdl.handle.net/10259/5197</subfield>
</datafield>
<datafield tag="024" ind2=" " ind1="8">
<subfield code="a">10.24197/cel.9.2018.43-68</subfield>
</datafield>
<datafield ind1=" " ind2=" " tag="653">
<subfield code="a">Orlando Hernández Martín</subfield>
</datafield>
<datafield ind1=" " ind2=" " tag="653">
<subfield code="a">trayectoria dramatúrgica</subfield>
</datafield>
<datafield ind1=" " ind2=" " tag="653">
<subfield code="a">Canarias</subfield>
</datafield>
<datafield ind1=" " ind2=" " tag="653">
<subfield code="a">recepción de la obra</subfield>
</datafield>
<datafield ind1=" " ind2=" " tag="653">
<subfield code="a">aportaciones al género</subfield>
</datafield>
<datafield ind1=" " ind2=" " tag="653">
<subfield code="a">playwriting  career</subfield>
</datafield>
<datafield ind1=" " ind2=" " tag="653">
<subfield code="a">Canary  Islands</subfield>
</datafield>
<datafield ind1=" " ind2=" " tag="653">
<subfield code="a">acceptance  by  the critics and the audience</subfield>
</datafield>
<datafield ind1=" " ind2=" " tag="653">
<subfield code="a">author’s   contribution to the genre</subfield>
</datafield>
<datafield tag="245" ind1="0" ind2="0">
<subfield code="a">La trayectoria dramatúrgica de Orlando Hernández Martín</subfield>
</datafield>
</record></metadata></record></GetRecord></OAI-PMH>